| 000 | 01269nam a22002057a 4500 | ||
|---|---|---|---|
| 999 |
_c63784 _d63784 |
||
| 003 | Ge_BSU | ||
| 005 | 20260113184913.0 | ||
| 008 | 260113s1965 ge ||||| |||| 00| 0 geo d | ||
| 041 | _ageo | ||
| 080 | _a336.77: 791 პ-67 | ||
| 100 |
_aპოტეხინი, ლ. _926665 |
||
| 245 |
_aსოციალურ-კულტურულ ღონისძიებათა ხარჯების დაგეგმვა : _b[სახელმძღვ. პრაქტიკული მუშაკებისა და საფინანსო სასწავლებელთა მოსწავლეებისათვის] / _cლ. პოტეხინი, ი. როზენფელდი, ნ. იტინი. |
||
| 264 |
_aთბ. : _bსაბჭ. საქართველო, _c1965. |
||
| 300 |
_a318 გვ. : _bცხრილ. ; _c22 სმ. |
||
| 653 | _aსოციალურ ღონისძიებათა დაგეგმვა | ||
| 653 | _aკულტურულ ღონისძიებათა დაგეგმვა. | ||
| 700 |
_aროზენფელდი, ი. _eავტორი _926666 |
||
| 700 |
_aიტინი, ნ. _eავტორი _926667 |
||
| 942 |
_2udc _cᲬᲘᲒᲜᲘ |
||